Evolution of longevity in animals : a comparative approach /

Bibliographic Details
Corporate Author: Brookhaven Symposium in Biology Upton, N.Y.
Other Authors: Woodhead, Avril D., Thompson, Keith H.
Format: Conference Proceeding Book
Language:English
Published: New York : Plenum Press, [1987]
Series:Basic life sciences ; v. 42.
Subjects:

MARC

Tag First Indicator Second Indicator Subfields
LEADER 00000cam a2200000 a 4500
001 in00000019941
005 20151007053753.0
008 870930s1987 nyua b 10110 eng
010 |a  87029100  
020 |a 0306426927 
035 |a (OCoLC)16871705 
035 |9 AAB2771AM 
040 |a DLC  |c DLC  |d TXA  |d UtOrBLW 
049 |a TXAM  |c [A11051972] 
050 0 0 |a QP85  |b .B73 1986 
082 0 |a 591.3/74  |2 19 
111 2 |a Brookhaven Symposium in Biology  |n (34th :  |d 1986 :  |c Upton, N.Y.) 
245 1 0 |a Evolution of longevity in animals :  |b a comparative approach /  |c edited by Avril D. Woodhead and Keith H. Thompson. 
264 1 |a New York :  |b Plenum Press,  |c [1987] 
264 4 |c ©1987 
300 |a x, 354 pages :  |b illustrations ;  |c 26 cm. 
336 |a text  |b txt  |2 rdacontent 
337 |a unmediated  |b n  |2 rdamedia 
338 |a volume  |b nc  |2 rdacarrier 
490 1 |a Basic life sciences ;  |v v. 42 
500 |a "Proceedings of the Thirty-fourth Brookhaven Symposium in Biology on Aging Processes in Animals, held October 19-22, 1986, in Upton, New York"--Title page verso. 
504 |a Includes bibliographies and index. 
650 0 |a Longevity  |v Congresses. 
650 0 |a Aging  |x Genetic aspects  |x Congresses. 
650 0 |a Evolution  |v Congresses. 
650 0 |a Physiology, Comparative  |v Congresses. 
700 1 |a Woodhead, Avril D. 
700 1 |a Thompson, Keith H. 
830 0 |a Basic life sciences ;  |v v. 42. 
999 |a MARS 
999 f f |s 840ebd58-28b0-3ebe-bad9-ca1c9eaaab93  |i 5916268e-f516-370d-a2af-ec63aea7282f  |t 0 
952 f f |p normal  |a Texas A&M University  |b College Station  |c Sterling C. Evans Library  |d Evans: Library Stacks  |t 0  |e QP85 .B73 1986  |h Library of Congress classification  |i unmediated -- volume  |m A14811051972 
998 f f |a QP85 .B73 1986  |t 0  |l Evans: Library Stacks